US States that Don't Contain the Letter O - Statistics

General Stats
  • This quiz has been taken 212 times
    206 since last reset
  • The average score is 21 of 23
Answers on the Map
Answers color-coded by a green-red scale on the quiz's map according to % correct below.
 
Answer Stats
Answer % Correct
Alaska
99%
Texas
99%
Alabama
96%
Hawaii
96%
Tennessee
96%
Kentucky
95%
Maine
95%
Virginia
95%
West Virginia
95%
Arkansas
94%
Kansas
94%
Nevada
94%
Pennsylvania
94%
New Jersey
93%
Michigan
92%
Mississippi
92%
New Hampshire
92%
Utah
91%
Delaware
90%
Indiana
90%
Maryland
90%
Massachusetts
87%
Nebraska
86%
No matching quizzes found
Score Distribution
Percent of People with Each Score
Percentile by Number Answered
Your Score History
You have not taken this quiz since the last reset